MARC details
| 000 -LEADER |
| fixed length control field |
03896nam a22004578i 4500 |
| 001 - CONTROL NUMBER |
| control field |
2024013468 |
| 003 - CONTROL NUMBER IDENTIFIER |
| control field |
DLC |
| 005 - DATE AND TIME OF LATEST TRANSACTION |
| control field |
20251208132737.0 |
| 008 - FIXED-LENGTH DATA ELEMENTS--GENERAL INFORMATION |
| fixed length control field |
240612s2025 mau j 000 0 spa |
| 010 ## - LIBRARY OF CONGRESS CONTROL NUMBER |
| LC control number |
2024013468 |
| 020 ## - INTERNATIONAL STANDARD BOOK NUMBER |
| International Standard Book Number |
9781623545604 |
| Qualifying information |
(hardcover) |
| 020 ## - INTERNATIONAL STANDARD BOOK NUMBER |
| International Standard Book Number |
9781623546014 |
| Qualifying information |
(trade paperback) |
| 020 ## - INTERNATIONAL STANDARD BOOK NUMBER |
| Cancelled/invalid ISBN |
9781632894403 |
| Qualifying information |
(ebook) |
| 035 ## - SYSTEM CONTROL NUMBER |
| System control number |
(OCoLC)1439173766 |
| 040 ## - CATALOGING SOURCE |
| Original cataloging agency |
DLC |
| Language of cataloging |
eng |
| Description conventions |
rda |
| Transcribing agency |
DLC |
| Modifying agency |
DLC |
| 041 1# - LANGUAGE CODE |
| Language code of text/sound track or separate title |
spa |
| Language code of original and/or intermediate translations of text |
eng |
| 042 ## - AUTHENTICATION CODE |
| Authentication code |
pcc |
| 050 10 - LIBRARY OF CONGRESS CALL NUMBER |
| Classification number |
QL697.4 |
| Item number |
.S7418 2025 |
| 082 00 - DEWEY DECIMAL CLASSIFICATION NUMBER |
| Classification number |
598.147 |
| Edition number |
23/eng/20240613 |
| 092 ## - LOCALLY ASSIGNED DEWEY CALL NUMBER (OCLC) |
| Classification number |
spanish children picturebook |
| Item number |
Stewart, Melissa |
| 100 1# - MAIN ENTRY--PERSONAL NAME |
| Personal name |
Stewart, Melissa, |
| Relator term |
author. |
| 9 (RLIN) |
46162 |
| 240 10 - UNIFORM TITLE |
| Uniform title |
<a href="Feathers.">Feathers.</a> |
| Language of a work |
Spanish |
| 245 14 - TITLE STATEMENT |
| Title |
Las plumas : |
| Remainder of title |
no son sólo para volar / |
| Statement of responsibility, etc |
Melissa Stewart ; ilustrado por Sarah S. Brannen ; traducido por Gabriela Carrión. |
| 263 ## - PROJECTED PUBLICATION DATE |
| Projected publication date |
2505 |
| 264 #1 - Production, Publication, Distribution, Manufacture, and Copyright Notice. |
| Place of production, publication, distribution, manufacture |
Watertown, MA : |
| Name of producer, publisher, distributor, manufacturer |
Charlesbridge, |
| Date of production, publication, distribution, manufacture, or copyr |
[2025] |
| 300 ## - PHYSICAL DESCRIPTION |
| Extent |
pages cm |
| 336 ## - Content Type |
| Content type term |
text |
| 337 ## - Media type |
| Media type term |
unmediated |
| 338 ## - Carrier type |
| Carrier type term |
volume |
| 520 ## - SUMMARY, ETC. |
| Summary, etc |
"¡Edición en español! Los jóvenes amantes de la naturaleza y los entusiastas de los álbumes de recortes se deleitarán con esta introducción a los muchos usos de las plumas.<br/>Este libro ilustrado de no ficción, informativo, exhaustivo y extraordinario, dirigido a niños de 6 a 9 años, es el acompañante ideal para aquellos que aman las aves y explorar el aire libre.<br/>Los jóvenes naturalistas exploran dieciséis aves en esta elegante introducción a los muchos usos notables de las plumas.<br/><br/>Un texto principal conciso destaca cómo las plumas no son sólo para volar. Los lectores más curiosos están invitados a profundizar con recuadros informativos en las páginas que subrayan cómo las plumas de todas las formas y tamaños ayudan a las aves a enfrentar el frío o el calor, protegerse del sol, nadar, planear e incluso cavar.<br/>Con una variedad de especies comunes y exóticas, los lectores se sentirán atraídos tanto por lo nuevo como por lo familiar. Las hermosas y delicadas ilustraciones en acuarela muestran plumas a tamaño real y las comparan con objetos cotidianos.<br/><br/>Con un diseño de álbum de recortes, Las plumas es, por un lado, un diario científico y, por el otro, un libro de no ficción para leer en voz alta, lo que lo convierte en un recurso maravilloso para estudios de la naturaleza y una delicia para los amantes de las aves más jóvenes."<br/> |
| 520 ## - SUMMARY, ETC. |
| Summary, etc |
"Young naturalists explore sixteen birds in this elegant introduction to the many remarkable uses of feathers.<br/><br/>A concise main text highlights how feathers are not just for flying. More curious readers are invited to dig deeper with informative sidebars that underscore how feathers of all shapes and sizes help birds with warming or cooling, protect them from the sun, help them swim, glide or even dig.<br/><br/>With a range of common and exotic species readers will be engaged by both the new and the familiar. Beautiful and delicate watercolor illustrations showcase life-size feathers and compare them to everyday objects.<br/><br/>With a scrapbook design, Feathers is part science journal, part read-along nonfiction, making it a wonderful resource for nature studies and a delight for the youngest bird lovers." |
| 521 ## - TARGET AUDIENCE NOTE |
| Target audience note |
Ages 6-9 |
| Source |
Charlesbridge |
| 521 ## - TARGET AUDIENCE NOTE |
| Target audience note |
Grades 2-3 |
| Source |
Charlesbridge |
| 650 #0 - SUBJECT ADDED ENTRY--TOPICAL TERM |
| Topical term or geographic name as entry element |
Feathers |
| Form subdivision |
Juvenile literature. |
| 9 (RLIN) |
6462256 |
| 650 #0 - SUBJECT ADDED ENTRY--TOPICAL TERM |
| Topical term or geographic name as entry element |
Birds |
| General subdivision |
Behavior |
| Form subdivision |
Juvenile literature. |
| 9 (RLIN) |
5693124 |
| 700 1# - ADDED ENTRY--PERSONAL NAME |
| Personal name |
Brannen, Sarah S., |
| Relator term |
illustrator. |
| 9 (RLIN) |
5890258 |
| 700 1# - ADDED ENTRY--PERSONAL NAME |
| Personal name |
Carrión, Gabriela |
| Titles and other words associated with a name |
(Translator), |
| Relator term |
translator. |
| 9 (RLIN) |
6557032 |
| 765 08 - ORIGINAL LANGUAGE ENTRY |
| Display text |
Translation of: |
| Main entry heading |
Stewart, Melissa. |
| Title |
Feathers |
| Place, publisher, and date of publication |
Watertown, MA : Charlesbridge, [2014] |
| International Standard Book Number |
9781580894302 |
| Record control number |
(DLC) 2012038694 |
| 776 08 - ADDITIONAL PHYSICAL FORM ENTRY |
| Display text |
Online version: |
| Main entry heading |
Stewart, Melissa. |
| Title |
Plumas |
| Place, publisher, and date of publication |
Watertown, MA : Charlesbridge, [2025] |
| International Standard Book Number |
9781632894403 |
| Record control number |
(DLC) 2024013469 |
| 942 ## - ADDED ENTRY ELEMENTS (KOHA) |
| Source of classification or shelving scheme |
Dewey Decimal Classification |
| Koha item type |
BOOK |